00223 a2200109 4500001000700000040003500007100001700042240002100059245001600080300000800096362000900104155679 cEscola São Tomás de Aquino aVICENTE, Gil10aGil Vicentelpor10aGil Vicente a1080 a1982